AHL teams (Matching) - Statistics

General Stats
  • This quiz has been taken 162 times
  • The average score is 26 of 32
Answer Stats
Hint Answer % Correct
Dallas Stars Texas Stars
97%
Toronto Maple Leafs Toronto Marlies
95%
Calgary Flames Calgary Wranglers
93%
San Jose Sharks San Jose Barracuda
93%
Winnipeg Jets Manitoba Moose
92%
Vancouver Canucks Abbotsford Canucks
90%
Edmonton Oilers Bakersfield Condors
90%
Utah Hockey Club Tucson Roadrunners
90%
Ottawa Senators Belleville Senators
88%
New York Islanders Bridgeport Islanders
88%
Vegas Golden Knights Henderson Silver Knights
88%
Montreal Canadiens Laval Rocket
88%
Boston Bruins Providence Bruins
88%
Detroit Red Wings Grand Rapids Griffins
87%
LA Kings Ontario Reign
87%
Colorado Avalanche Colorado Eagles
85%
Minnesota Wild Iowa Wild
85%
Pittsburgh Penguins Wilkes-Barre/Scranton Penguins
85%
Philadelphia Flyers Lehigh Valley Phantoms
83%
Seattle Kraken Coachella Valley Firebirds
82%
Anaheim Ducks San Diego Gulls
82%
Columbus Blue Jackets Cleveland Monsters
80%
Nashville Predators Milwaukee Admirals
78%
Buffalo Sabres Rochester Americans
77%
Tampa Bay Lightning Syracuse Crunch
77%
Washington Capitals Hersey Bears
73%
New Jersey Devils Utica Comets
73%
New York Rangers Hartford Wolfpack
70%
St. Louis Blues Springfield Thunderbirds
70%
Chicago Blackhawks Rockford Icehogs
68%
Florida Panthers Charlotte Checkers
65%
Carolina Hurricanes Chicago Wolves
60%
No matching quizzes found
Score Distribution
Percent of People with Each Score
Percentile by Number Answered
Your Score History
You have not taken this quiz